000
00276nam a22001337a 4500
003
SGT
082
_a
615.53
_b
C14Y
100
_a
YADAV, DEEPAK
245
_a
CHARAK SAMHITA
260
_a
VARANASI
_b
CHAUKHAMBHA PUB
_c
2014
300
_a
467
650
_a
AYURVEDA
942
_2
ddc
_c
BK
999
_c
8763
_d
8763